000 01098nam a22002777a 4500
003 AR-RoUNA
005 20260408093818.0
008 260408b |||||||| |||| 00| 0 spa d
040 _aAR-RoUNA
_bspa
_dAR-RoUNA
041 _aspa
_hspa
044 _aag
110 _aMunicipalidad de Rosario - Lincoln Institute of Land Policy - Centro de Estudios Urbanos y Regionales (CEUR)
_927668
245 1 0 _aRecuperación de plusvalías urbanas.
_bAspectos conceptuales y gama de instrumentos /
_ccompilacion Beatriz Cuenya; Municipalidad de Rosario - Lincoln Institute of Land Policy - Centro de Estudios Urbanos y Regionales (CEUR)
260 _aRosario,(SantaFe, Argentina) :
_bMunicipalidad de Rosario,
_c2009
300 _a40 p.:
_bfot. col.
_c30x21 cm
650 4 _aPlusvalias urbanas
650 4 _aInstrumentos de recuperacion
650 4 _aPoliticas
_xProgramas
650 4 _aValuaciones
650 4 _aTasaciones
908 _aImp
930 _e12318
942 _2ddc
_cLIB
945 _aMIA
_d2026-04-08
980 _61
_aMaricel Allasia
_81
_gMaricel Allasia
999 _c12381
_d12381